000
00201 a2200097 4500
001
43807
100
_a
Benhaur
245
_a
Economics
260
_a
London
_b
Sir Isaac Pitman
_c
090
_c
27571
_d
27571
942
_a
NUST-CAE
_c
M
_c
19526
999
_c
278880
_d
278880